000
00195 a2200097 4500
020
_a
9781646860449
041
_a
eng
100
_a
Mary Rich Chaberlin
245
_a
Mama Panya Pancakes
942
_c
K
999
_c
26176
_d
26176